Catalog

Record Details

Catalog Search



Sousedé ; U domácího prahu  Cover Image Book Book

Sousedé ; U domácího prahu / Alois Jirásek ; Doslov: Zdeněk Nejedlý

Summary:

Dvě prózy na příbuzný námět emigrace českých lidí do Pruska v 18. století. V rozsáhlé povídce Sousedé, odehrávající se v Polici nad Metují, líčí Jirásek na osudech emigranta, který odešel pro víru do Pruska a vrací se spruským vojskem, aby zúčtoval s církevní vrchností, zápas mezi vírou a láskou k vlasti a národu. V povídce U domácího prahu, kreslící obraz selského života na Hronovsku, odchází chudý chasník za hranice a vstupuje do pruskéhovojska pro zvůli bohatého sedláka a vrací se s nevítaným vojskem, aby se sedlákovi pomstil.

Record details

  • Physical Description: 223, [3] s. ; 8°
  • Edition: 2. vyd. v Odeonu
  • Publisher: Praha : Odeon, 1970

Content descriptions

General Note:
Obálka a vazba: Václav Boukal
30000 výt.

Available copies

  • 1 of 1 copy available at Common Catalog SPOK.

Holds

  • 0 current holds with 1 total copy.
Show All Copies
Location Call Number / Copy Notes Barcode Shelving Location Status Due Date
Hospic Dobrého Pastýře BE-J
Tematická katagorie: Beletrie (BE)
2045957011769 Knihovna Available -

Electronic resources

Version of Resource: Digitalizovaný dokument


LDR 01773nam a22003251 4500
00128838
003CZ-PrJAB
00520170924092651.0
008970415s1970 xr cze
015 . ‡acnb000426880
035 . ‡a(CZ PrNK)bk197002299
035 . ‡a(OCoLC)15345122
040 . ‡aABA001 ‡bcze ‡cULG001 ‡dABA001
080 . ‡a885-321.6 ‡2undef
1001 . ‡aJirásek, Alois, ‡d1851-1930 ‡7jk01051816 ‡4aut
24510. ‡aSousedé ; ‡bU domácího prahu / ‡cAlois Jirásek ; Doslov: Zdeněk Nejedlý
250 . ‡a2. vyd. v Odeonu
260 . ‡aPraha : ‡bOdeon, ‡c1970 ‡f(Rudé právo)
300 . ‡a223, [3] s. ; ‡c
4901 . ‡aJirásek, Alois: Odkaz národu ; ‡vSv. 17
500 . ‡aObálka a vazba: Václav Boukal
500 . ‡a30000 výt.
520 . ‡aDvě prózy na příbuzný námět emigrace českých lidí do Pruska v 18. století. V rozsáhlé povídce Sousedé, odehrávající se v Polici nad Metují, líčí Jirásek na osudech emigranta, který odešel pro víru do Pruska a vrací se spruským vojskem, aby zúčtoval s církevní vrchností, zápas mezi vírou a láskou k vlasti a národu. V povídce U domácího prahu, kreslící obraz selského života na Hronovsku, odchází chudý chasník za hranice a vstupuje do pruskéhovojska pro zvůli bohatého sedláka a vrací se s nevítaným vojskem, aby se sedlákovi pomstil.
74002. ‡aU domácího prahu
8001 . ‡aJirásek, Alois, ‡d1851-1930. ‡tOdkaz národu (Odeon)
85641. ‡uhttp://kramerius4.nkp.cz/search/handle/uuid:135cc0b0-510c-11e3-ae59-005056827e52 ‡yDigitalizovaný dokument
910 . ‡aBNE702
964 . ‡aProtireformace - povídky historické
964 . ‡aPolice nad Metují - stol. 18. - povídky historické
964 . ‡aNáchod (oblast) - stol. 18. - povídky historické
998 . ‡a000426880
901 . ‡a28838 ‡b ‡c28838 ‡tbiblio

Additional Resources